Guess the Jojo stand by the band/artist (part 3-6) - Statistics

General Stats
  • This quiz has been taken 79 times
    67 since last reset
  • The average score is 10 of 35
Answer Stats
Hint Answer % Correct
Cream Cream
89%
Queen Killer Queen
79%
Queen Sheer Heart Attack
72%
Pink Floyd Crazy Diamond
53%
The Band The Hand
47%
Michael Jackson Man In The Mirror
46%
Pink Floyd Echoes
42%
King Crimson Epitaph
39%
Jimi Hendrix Purple Haze
37%
Queen Another One Bites The Dust
35%
Prince Gold Experience
35%
Queen Bohemian Rhapsody
32%
Bob Dylan Heavens Door
32%
AC/DC Highway To Hell
30%
Queen Made In Heaven
30%
The Rolling Stones Sticky Fingers
28%
The Beatles White Album
28%
Sade Love Deluxe
25%
Jimi Hendrix Stone Free
25%
Van Halen Diver Down
23%
Elvis Presley Jail House Lock
23%
Wings C-Moon
19%
Deep Purple Highway Star
19%
Jigsaw Sky High
19%
Talking Heads Burning Down The House
16%
Neil Young Harvest
14%
U2 Achtung Baby
12%
The Who The lock
12%
Pink Floyd Atom Heart Father
11%
Kenneth B. Edmonds Baby Face
9%
The Rolling Stones Jumpin Jack Flash
9%
Curtis Mayfields Superfly
9%
Bob Dylan Planet Waves
7%
Thom Brennan Dragon's Dream
5%
Tom Jones Green Green Grass Of Home
5%
No matching quizzes found
Score Distribution
Percent of People with Each Score
Percentile by Number Answered
Your Score History
You have not taken this quiz since the last reset